[Event "BL 2016-17"]
[Site "Berlin"]
[Date "2017.05.01"]
[Round "15"]
[White "Seger, Ruediger"]
[Black "Meister, Peter"]
[Result "0-1"]
[WhiteElo "2351"]
[BlackElo "2371"]
[Annotator "NA"]
[PlyCount "90"]
[EventDate "2017.??.??"]
[EventType "team-tourn"]
[EventCountry "GER"]
[SourceTitle "playchess.com"]
[Source "ChessBase"]
[SourceQuality "1"]
[WhiteTeam "SG Trier"]
[BlackTeam "Bayern München"]
[TimeControl "40/6000+30:3000+30"]

{[%evp 16,86,66,32767,18,18,12,2,0,0,0,-8,16,24,22,31,49,1,32767,-23,-33,-48,32767,-57,32767,32767,-68,32767,-56,-96,32767,-104,-95,32767,32767,32767,32767,-68,-67,32767,32767,32767,-192,-198,-162,-162,-157,-147,-147,-134,32767,32767,32767,32767,32767,32767,32767,32767,32767,32767,32767,32767,32767,32767,32767,-203,32767,-155,-164,-206,-210,32767,-124]} 1. e4 {[%emt 0:00:00]} g6 {[%emt 0:00:20]} 2. d4 {[%emt 0:00:00]} Bg7 {[%emt 0:00:04]} 3. Nf3 {[%emt 0:00:00]} d6 {[%emt 0:00:31]} 4. c3 {[%emt 0:01:11]} Nf6 {[%emt 0:01:52]} 5. Bd3 {[%emt 0:00:13]} O-O {[%emt 0:00:08]} 6. O-O {[%emt 0:00:05]} Nc6 {[%emt 0:01:14]} 7. Re1 {[%emt 0:01:09]} e5 {[%emt 0:01:39]} 8. h3 {[%emt 0:02:18]} h6 {[%emt 0:05:17]} 9. dxe5 {[%emt 0:05:18] B07: Pirc Defence: Miscellaneous Systems} (9. Nbd2 Nh5 10. dxe5 dxe5 11. Bf1 Qe7 12. Nc4 Be6 13. b3 Rfd8 14. Qc2 Nf4 15. a4 a5 16. Ba3 Qf6 {½-½ (57) Kamsky,G (2721)-Nepomniachtchi,I (2721) Beijing 2013}) 9... dxe5 {[%emt 0:04:16]} 10. Qc2 {[%emt 0:04:07]} Nh5 {[%emt 0:09:47]} 11. a4 $146 {[%emt 0:05:03]} (11. Bf1 Qf6 12. Nh2 Nf4 13. Na3 Be6 14. Nc4 h5 15. Bxf4 exf4 16. a4 {0-1 (34) Manievich,V-Kagan,S (2430) Israel 1976}) 11... Qf6 {[%emt 0:12:11]} 12. Nbd2 {[%emt 0:00:36]} Nf4 {[%emt 0:01:38]} 13. Bf1 {[%emt 0:00:09]} g5 {[%emt 0:02:59]} 14. Nh2 {[%emt 0:02:13]} h5 {[%emt 0:05:19]} 15. Nc4 {[%emt 0:00:18]} Qg6 {[%emt 0:13:21]} 16. b3 {[%emt 0:06:25]} f5 {[%emt 0:13:25]} 17. Bxf4 {[%emt 0:11:05]} exf4 {[%emt 0:01:01]} ({Inferior is} 17... gxf4 18. Bd3 $16) 18. Bd3 {[%emt 0:00:12]} g4 {[%emt 0:10:43]} 19. exf5 {[%emt 0:00:20]} Bxf5 {[%emt 0:00:06]} 20. Bxf5 {[%emt 0:00:12]} Rxf5 {[%emt 0:08:42]} ({Much weaker is} 20... Qxf5 21. Qxf5 Rxf5 22. hxg4 hxg4 23. Rac1 $11 (23. Nxg4 $2 Rg5 24. f3 Bxc3 $19)) 21. Kh1 {[%emt 0:04:44]} Raf8 {[%emt 0:01:32]} 22. Rac1 {[%emt 0:02:48]} Qf6 {[%emt 0:05:05]} 23. Qe2 {[%emt 0:06:58] [#]} ({Of course not} 23. hxg4 hxg4 24. Qe2 f3 25. Qe6+ Qxe6 26. Rxe6 fxg2+ 27. Kxg2 Rxf2+ 28. Kg1 R2f4 $17) (23. Rcd1 $15) 23... Qh4 $1 {[%emt 0:04:25]} 24. Qf1 {[%emt 0:06:00]} gxh3 {[%emt 0:02:43]} 25. gxh3 {[%emt 0:00:28]} f3 {[%emt 0:00:04]} 26. Nd2 {[%emt 0:01:45]} Ne5 {[%emt 0:00:21]} 27. Re4 {[%emt 0:00:31]} Qg5 {[%emt 0:00:33]} 28. Nc4 {[%emt 0:00:52] [#]} Nd3 $1 {[%emt 0:01:27]} 29. Rc2 {[%emt 0:01:50]} Qg2+ {[%emt 0:02:50]} 30. Qxg2 {[%emt 0:00:08]} fxg2+ {[%emt 0:00:02]} 31. Kxg2 {[%emt 0:00:22]} Rxf2+ {[%emt 0:00:03]} 32. Rxf2 {[%emt 0:00:10]} Rxf2+ {[%emt 0:00:09]} 33. Kg3 {[%emt 0:05:16]} Rc2 {[%emt 0:00:04]} 34. Nf3 {[%emt 0:05:46]} Rxc3 {[%emt 0:00:16]} 35. Ncd2 {[%emt 0:00:20]} Ne5 {[%emt 0:02:47]} 36. b4 {[%emt 0:00:23]} Kf7 {[%emt 0:00:38]} 37. Kf4 {[%emt 0:17:52]} Nxf3 {[%emt 0:00:07]} 38. Nxf3 {[%emt 0:00:03]} Kf6 {[%emt 0:00:18]} 39. h4 {[%emt 0:01:36]} Bf8 {[%emt 0:00:24]} 40. Rd4 {[%emt 0:00:51]} Bh6+ {[%emt 0:51:29]} 41. Kg3 {[%emt 0:51:55]} a6 {[%emt 0:00:00]} 42. b5 {[%emt 0:00:00]} axb5 {[%emt 0:00:00]} 43. axb5 {[%emt 0:00:00]} Be3 $17 {[%emt 0:00:00]} (43... Bf8) (43... b6 $19 44. Rd8 Rc4) 44. Re4 {[%emt 0:00:00]} Rb3 {[%emt 0:00:00]} 45. Re8 {[%emt 0:00:00]} Bc5 {[%emt 0:00:00]} 0-1

[Event "BL 2016-17"]
[Site "Berlin"]
[Date "2017.05.01"]
[Round "15"]
[White "Capone, Nicola"]
[Black "Lammers, Markus"]
[Result "0-1"]
[WhiteElo "2349"]
[BlackElo "2309"]
[Annotator "NA"]
[PlyCount "83"]
[EventDate "2017.??.??"]
[EventType "team-tourn"]
[EventCountry "GER"]
[SourceTitle "playchess.com"]
[Source "ChessBase"]
[SourceQuality "1"]
[WhiteTeam "Aufwärts Aachen"]
[BlackTeam "Zugzwang München"]
[TimeControl "40/6000+30:3000+30"]

{[%evp 8,83,43,54,32767,32767,32767,32767,32767,32767,32767,26,23,32767,1,12,22,33,20,29,33,10,17,32767,20,32767,19,17,49,45,99,67,73,78,41,53,57,63,59,32767,32767,32767,39,32767,32767,36,32767,32767,54,52,101,32767,32767,43,107,32767,98,32767,32767,55,32767,47,32767,32767,32767,32767,32767,32767,-402,32767,32767,32767,32767,32767,32767,32767,-556,-1063]} 1. e4 {[%emt 0:00:00]} d5 {[%emt 0:00:26]} 2. exd5 {[%emt 0:00:00]} Nf6 {[%emt 0:00:07]} 3. Bb5+ {[%emt 0:00:07]} Bd7 {[%emt 0:00:09]} 4. Bc4 {[%emt 0:00:04]} Bg4 {[%emt 0:00:26]} 5. f3 {[%emt 0:00:05] LiveBook: 134 Games} Bf5 {[%emt 0:00:30]} 6. Nc3 {[%emt 0:01:32]} Nbd7 {[%emt 0:00:07]} 7. d4 {[%emt 0:07:36]} Nb6 {[%emt 0:00:21]} 8. Bb3 {[%emt 0:00:03] B01: Scandinavian Defence} (8. Bb5+ Bd7 9. Bd3 Nbxd5 10. Nxd5 Nxd5 11. Ne2 c5 12. Be4 e6 13. O-O Bd6 14. Bxd5 exd5 15. Bf4 Be7 {½-½ (23) Germann,J (2129)-Corbat,P (2450) ICCF email 2008}) 8... a5 {[%emt 0:00:42]} 9. a3 {[%emt 0:03:09]} a4 {[%emt 0:02:36]} 10. Ba2 {[%emt 0:00:32]} Nbxd5 {[%emt 0:01:09]} 11. Nxd5 {[%emt 0:05:32]} Nxd5 {[%emt 0:00:08]} 12. Ne2 {[%emt 0:00:04]} e6 {[%emt 0:02:06]} 13. c4 $146 {[%emt 0:09:12]} (13. Ng3 Bg6 14. O-O Bd6 15. Qe1 O-O {1-0 (39) Valla,T (1790)-Puobis,J (1949) Slovakia 2010}) 13... Nf6 {[%emt 0:01:14]} 14. Be3 {[%emt 0:10:40]} h5 {[%emt 0:11:10]} 15. Nc3 {[%emt 0:12:31]} Qd7 {[%emt 0:03:15]} 16. Qe2 {[%emt 0:00:14]} Be7 {[%emt 0:02:56]} 17. Rd1 {[%emt 0:00:30]} h4 {[%emt 0:04:00]} 18. O-O {[%emt 0:02:01]} h3 {[%emt 0:07:21]} 19. g3 {[%emt 0:00:06]} O-O {[%emt 0:01:27]} 20. Rfe1 {[%emt 0:04:01]} Rfe8 {[%emt 0:06:33]} 21. Rd2 {[%emt 0:00:12]} c6 {[%emt 0:02:33]} 22. Qf1 {[%emt 0:02:45]} Qc7 {[%emt 0:07:20]} 23. g4 {[%emt 0:08:38]} Bg6 {[%emt 0:01:21]} 24. Qxh3 {[%emt 0:00:04]} Qa5 {[%emt 0:02:20]} 25. Ne2 {[%emt 0:05:08]} e5 {[%emt 0:03:57]} 26. Red1 {[%emt 0:02:55]} exd4 {[%emt 0:02:31]} 27. Bxd4 {[%emt 0:00:35]} Bc5 {[%emt 0:01:03]} 28. Qg2 {[%emt 0:05:07]} Re3 {[%emt 0:13:39]} (28... Rad8 $11) 29. Qf2 {[%emt 0:01:03]} Rae8 {[%emt 0:00:55]} 30. Bxc5 {[%emt 0:08:08]} (30. Nc3 $16) 30... Qxc5 {[%emt 0:00:28]} 31. Rd8 {[%emt 0:00:26]} Qg5 {[%emt 0:03:43]} 32. h3 {[%emt 0:11:27]} Qe5 {[%emt 0:03:23]} 33. Rxe8+ {[%emt 0:05:57]} (33. Nc3 $16) 33... Nxe8 {[%emt 0:05:09]} 34. f4 {[%emt 0:01:11]} Qe7 {[%emt 0:01:37]} 35. Ng3 {[%emt 0:00:25]} Bd3 {[%emt 0:00:37]} 36. c5 {[%emt 0:02:48]} Qxc5 {[%emt 0:02:10]} 37. Rxd3 {[%emt 0:01:40]} Qc1+ {[%emt 0:00:42]} 38. Nf1 {[%emt 0:00:01]} Rxd3 {[%emt 0:00:31]} 39. Qe2 {[%emt 0:00:02]} Qc5+ {[%emt 0:01:19]} 40. Kh2 {[%emt 0:00:01]} Rd8 {[%emt 0:50:47]} 41. Ng3 {[%emt 0:05:41]} Qd6 {[%emt 0:00:00]} 42. g5 $19 {[%emt 0:04:36]} 0-1

[Event "BL 2016-17"]
[Site "Berlin"]
[Date "2017.05.01"]
[Round "15"]
[White "Baskin, Robert"]
[Black "Michalik, Peter"]
[Result "0-1"]
[WhiteElo "2348"]
[BlackElo "2564"]
[Annotator "TA"]
[PlyCount "80"]
[EventDate "2017.??.??"]
[EventType "team-tourn"]
[EventCountry "GER"]
[SourceTitle "playchess.com"]
[Source "ChessBase"]
[SourceQuality "1"]
[WhiteTeam "Griesheim"]
[BlackTeam "Schwäbisch Hall"]

{[%evp 13,80,22,22,29,22,31,7,22,27,25,35,-19,2,-85,-77,-59,-68,-87,-85,-115,-112,-148,-153,-162,-160,-180,-183,-291,-301,-418,-402,-384,-239,-224,-266,-247,-215,-409,-416,-423,-421,-432,-443,-599,-594,-577,-569,-457,-139,-163,-110,-267,-102,-781,-297,-560,-537,-1023,-737,-29988,-29989,-29989,-29990,-29989,-29990,-29990,-29991,-29996,-29997]} 1. e4 c6 2. Nc3 d5 3. Nf3 Nf6 4. e5 Ne4 5. Ne2 Qb6 {B11: Caro-Kann: Two Knights Variation} 6. d4 e6 7. Nfg1 (7. Ng3 c5 8. Bd3 Nc6 9. Nxe4 dxe4 10. Bxe4 cxd4 11. O-O Bd7 12. a3 h6 13. Re1 {1-0 (71) Short,N (2675)-Caruana,F (2827) Caleta 2017}) 7... f6 {LiveBook: 58 Games. The position is equal.} 8. f3 {[%cal Bf2f3,Bf3f4][%mdl 32]} Ng5 9. exf6 gxf6 10. f4 Ne4 11. Ng3 $1 Bd7 12. Nf3 (12. Nxe4 $14 dxe4 13. c3) 12... c5 $146 (12... Nxg3 {with more complications.} 13. hxg3 c5 14. Be3 Nc6 15. dxc5 Bxc5 16. Bxc5 Qxc5 17. Qd2 O-O-O) ({Predecessor:} 12... Nxg3 13. hxg3 {1-0 (53) Lu,S (2624)-Xu,Y (2444) Ho Chi Minh City 2017}) 13. Bd3 (13. Nxe4 $11 {keeps the balance.} dxe4 14. Nd2) 13... Nxg3 $1 $17 ({Don't play} 13... cxd4 $6 14. Nxe4 (14. Bxe4 dxe4 15. Nxe4 Bg7 $11) 14... dxe4 15. Bxe4 $11) 14. hxg3 Nc6 15. c3 O-O-O {[%cal Rc5d4]} 16. Qc2 cxd4 17. cxd4 Kb8 18. Qf2 Nb4 19. Bb1 Bb5 20. Qd2 (20. Bd2 {was worth a try.}) 20... Nc6 $19 {aiming for ...Bb4.} 21. Qd1 {[#]} e5 $1 {[%mdl 512]} 22. Kf2 (22. dxe5 Bb4+) 22... exd4 23. g4 Re8 24. Kg3 Bd6 25. Rxh7 $2 (25. Bf5) 25... Rxh7 26. Bxh7 {[#]} d3 $1 {[%mdl 512]} 27. Bxd3 Bc5 {( -> ...Bf2+)} 28. Bg6 Bf2+ 29. Kh3 Rh8+ 30. Bh5 Ne7 $2 (30... Nb4 $19 31. g3 f5 $1 {[%mdl 512]}) 31. g3 $17 {[#]} Qe6 $36 {[%mdl 2048] White is under strong pressure.} (31... Qa6 $1 $19 {White must now prevent ...Be2.} 32. Qd2 Be2) 32. Kg2 $2 (32. f5 $17 Nxf5 33. Bf4+ Ka8 34. gxf5 Qxf5+ 35. Kg2) 32... Bb6 $2 (32... Be2 $19 33. Qc2 Rc8) 33. Bd2 $2 {[%mdl 8192]} (33. Qe1 $17 Qe4 34. Qxe4 dxe4 35. Ne1) 33... Be2 $2 (33... Qe4 34. a4 Be2) 34. Qb3 $2 (34. Qc2 Nc6 35. Nh4 (35. Re1 $2 Bxf3+ 36. Kxf3 Nd4+ 37. Kg2 Qxe1 38. Qc7+ Kxc7 $19) 35... Bxg4 36. Re1) 34... Qe4 $19 {And now ...Nc6 would win.} 35. Re1 Nc6 {Hoping for ...Nd4.} 36. Rxe2 Qxe2+ {Black mates.} 37. Kh3 Qf1+ 38. Kh2 Nd4 39. Nxd4 Bxd4 40. Qxd5 Bg1+ {Precision: White = 52%, Black = 74%.} 0-1

[Event "BL 2016-17"]
[Site "Berlin"]
[Date "2017.05.01"]
[Round "15"]
[White "Von Herman, Ulf"]
[Black "Nyback, Tomi"]
[Result "1/2-1/2"]
[WhiteElo "2346"]
[BlackElo "2583"]
[Annotator "TA"]
[PlyCount "95"]
[EventDate "2017.??.??"]
[EventType "team-tourn"]
[EventCountry "GER"]
[SourceTitle "playchess.com"]
[Source "ChessBase"]
[SourceQuality "1"]
[WhiteTeam "König Tegel"]
[BlackTeam "Werder Bremen"]

{[%evp 17,95,16,15,12,22,-22,-16,0,0,0,0,0,0,-76,-23,-17,-22,-96,-82,-89,-102,-96,-81,-173,-173,-171,-159,-239,-255,-291,-269,-321,-252,-253,-243,-242,-249,-241,-239,-249,-249,-239,-216,-216,-214,-200,-54,-57,-58,-54,-56,-54,-8,-74,-54,-85,-68,-62,-30,-54,-60,-52,-19,-18,-7,-8,-3,-6,-1,-6,-6,-6,-6,-19,-8,-18,-5,-5,-4,-5]} 1. c4 Nf6 2. Nf3 c5 3. Nc3 Nc6 4. g3 g6 5. Bg2 Bg7 6. O-O O-O 7. d4 cxd4 8. Nxd4 Qa5 9. Nb3 Qh5 10. c5 {A39: Symmetrical English vs ...g6: 4 Bg2 Bg7 5 Nf3 Nf6 6 0-0 0-0 7 d4} (10. e4 d6 11. Qxh5 Nxh5 12. Nd5 a5 13. Rb1 a4 14. Nd2 Nf6 15. Re1 Nxd5 16. exd5 Nb4 17. a3 Nd3 {0-1 (50) Topalov,V (2761)-Caruana,F (2804) Leuven 2016}) 10... a5 (10... Ng4 11. h3 Nf6 12. g4 $16) 11. Na4 d5 $146 (11... Ng4 $6 12. h3 Nf6 13. e4 $16 (13. Nb6 Ra6 $16)) ({Predecessor (3):} 11... d6 12. e4 Bg4 13. f3 Be6 14. g4 Qe5 15. f4 Bxb3 16. Qxb3 Qd4+ 17. Be3 Qb4 {0-1 (42) Delchev,A (2660)-Almasi,Z (2694) Linares 2014}) 12. cxd6 {Hoping for Nb6.} Bh3 13. dxe7 Nxe7 {And now ...Ng4 would win.} 14. e4 (14. Bxb7 Rad8 15. Qe1 Rfe8 $17) 14... Ng4 $1 $40 {[%mdl 128] Black is up to no good.} 15. f3 (15. Qf3 $11) 15... Bxg2 (15... Nxh2 $17 16. g4 (16. Kxh2 Bd7+ 17. Kg1 Bxa4 $17) 16... Qb5 17. Kxh2 Bxg2 18. Kxg2 Qxa4) 16. fxg4 $11 Qb5 17. Re1 (17. Kxg2 $11 {keeps the balance.} Qxa4 18. Qf3) 17... Bh3 $17 {[%mdl 1024] Black has strong compensation.} 18. Nc3 Qc4 (18... Bxc3 19. bxc3 Rfd8 20. Qf3 $11 (20. Nd4 Qc5 $11)) 19. Bg5 {[#]} Nc6 $1 {[%cal Be7c6,Bc6e5,Be5d3][%mdl 32]} 20. Rc1 (20. Nd5 $17 {was worth a try.}) 20... Ne5 $19 21. Nd5 Bxg4 22. Nd2 (22. Rxc4 $17 {was called for.} Bxd1 23. Nd2 Nxc4 24. Nxc4) 22... Qa6 (22... Bxd1 23. Nxc4 Nf3+ 24. Kf2 $17) (22... Qxa2 23. Qc2 Nd7 24. Nc4 $17) 23. Qa4 Nd3 24. Nc7 Qb6+ (24... Nxb2 25. Qc2 Qb6+ 26. Be3 $15) 25. Be3 Qb4 ({Inferior is} 25... Nxb2 26. Qc2 (26. Bxb6 Nxa4 27. Nxa8 Rxa8 $11) 26... Qb4 27. Nxa8 Rxa8 28. Nb3 $15) 26. Qxb4 axb4 27. Nxa8 Rxa8 ({Weaker is} 27... Nxe1 28. Nb6 Nd3 29. Rc7 $17) ({Resist} 27... Nxc1 28. Rxc1 Rxa8 29. Rc4 $17) 28. Rf1 Nxc1 29. Rxc1 Bxb2 30. Rc7 Rxa2 {White must now prevent ...Bc3.} 31. Rxb7 h5 ({Black should play} 31... Bc3 $19 32. Bh6 f5) 32. Rxb4 $15 Bc3 33. Rb8+ Kh7 34. Rd8 Bh3 35. Kf2 (35. Bd4 $11 {remains equal.} Bxd4+ 36. Rxd4) 35... f6 36. Ke2 g5 37. Kd3 Be5 (37... Bb4 {creates tension.} 38. Kc4 Be7 39. Re8 Ra4+ 40. Kd3 Bd6) 38. Bd4 Ra3+ 39. Ke2 Bxd4 40. Rxd4 {[%mdl 4096] Endgame KRB-KRN. The position is equal.} Ra1 41. Kf2 Rh1 42. Nf3 Bg4 {Threatening ...Bxf3.} 43. Rd2 Kg6 44. Kg2 {[#] Threatens to win with Ng1.} Ra1 45. Kf2 Kf7 46. Nd4 Ke7 47. Ke3 Re1+ 48. Kd3 {Precision: White = 70%, Black = 63%.} 1/2-1/2

[Event "BL 2016-17"]
[Site "Berlin"]
[Date "2017.05.01"]
[Round "15"]
[White "Grigorian, Spartak"]
[Black "Dimitrijeski, Boris"]
[Result "1/2-1/2"]
[WhiteElo "2338"]
[BlackElo "2293"]
[Annotator "NA"]
[PlyCount "48"]
[EventDate "2017.??.??"]
[EventType "team-tourn"]
[EventCountry "GER"]
[SourceTitle "playchess.com"]
[Source "ChessBase"]
[SourceQuality "1"]
[WhiteTeam "Werder Bremen"]
[BlackTeam "König Tegel"]
[TimeControl "40/6000+30:3000+30"]

{[%evp 17,47,0,0,-84,-41,-36,-43,-45,-24,-30,-35,-60,-58,-56,32767,32767,32767,32767,-50,-54,-33,32767,32767,32767,-33,32767,32767,-33,-16,-22,32767,-11]} 1. d4 {[%emt 0:00:00]} d5 {[%emt 0:00:11]} 2. c4 {[%emt 0:00:00]} c6 {[%emt 0:00:09]} 3. Nc3 {[%emt 0:00:30]} Nf6 {[%emt 0:00:14]} 4. Nf3 {[%emt 0:00:06]} a6 {[%emt 0:00:25]} 5. e3 {[%emt 0:01:48]} Bf5 {[%emt 0:00:38]} 6. Qb3 {[%emt 0:04:56]} b5 {[%emt 0:01:02] D15: Slav Defence: 4 Nc3 a6 and gambit lines after 4 Nc3 dxc4} (6... Ra7 7. Nh4 Bc8 8. a4 e6 9. a5 c5 10. Nf3 Nc6 11. cxd5 exd5 12. Qb6 Ra8 13. dxc5 Qxb6 14. cxb6 {0-1 (65) Riazantsev,A (2671)-Carlsen,M (2840) Doha 2016}) 7. cxd5 {[%emt 0:01:14]} cxd5 {[%emt 0:00:06]} 8. a4 {[%emt 0:00:53]} b4 {[%emt 0:03:27]} 9. Na2 {[%emt 0:09:45]} e6 {[%emt 0:12:13]} 10. Bd3 $146 {[%emt 0:27:01]} ({Don't go for} 10. Nxb4 $2 Qb6 11. Bd2 Nc6 $19) (10. Bd2 $11 {remains equal.} a5 11. Bb5+ Nbd7 12. Ne5 Bd6 13. Nc6 Qb6 14. Naxb4 {1-0 (49) Kazhgaleyev,M (2641)-Megaranto,S (2532) Manila 2008}) 10... Bxd3 {[%emt 0:02:37]} 11. Qxd3 {[%emt 0:00:38]} Nc6 {[%emt 0:05:39]} 12. O-O {[%emt 0:03:14]} Bd6 {[%emt 0:02:12]} 13. Bd2 {[%emt 0:00:50]} O-O {[%emt 0:03:31]} 14. Rfc1 {[%emt 0:07:27]} Qb6 {[%emt 0:04:42]} 15. b3 {[%emt 0:00:44]} Rfc8 16. Rc2 {[%emt 0:00:30]} Ne7 17. Rac1 {[%emt 0:00:30]} Rxc2 18. Rxc2 {[%emt 0:00:30]} Rc8 {[%emt 0:32:33]} 19. Rxc8+ Nxc8 20. Be1 {[%emt 0:13:37]} Ne7 {[%emt 0:02:39]} 21. Qc2 {[%emt 0:06:33]} Ne4 {[%emt 0:06:02]} 22. Nd2 {[%emt 0:01:48]} Nxd2 {[%emt 0:01:43]} 23. Qxd2 {[%emt 0:02:26]} Nc6 {[%emt 0:00:44]} 24. f3 $11 {[%emt 0:01:36]} h6 {[%emt 0:05:10]} 1/2-1/2

[Event "BL 2016-17"]
[Site "Berlin"]
[Date "2017.05.01"]
[Round "15"]
[White "Buckels, Valentin"]
[Black "Nielsen, Peter Heine"]
[Result "0-1"]
[WhiteElo "2309"]
[BlackElo "2639"]
[Annotator "TA"]
[PlyCount "112"]
[EventDate "2017.??.??"]
[EventType "team-tourn"]
[EventCountry "GER"]
[SourceTitle "playchess.com"]
[Source "ChessBase"]
[SourceQuality "1"]
[WhiteTeam "Mülheim Nord"]
[BlackTeam "Baden-Baden"]

{[%evp 8,112,30,18,23,26,29,19,38,13,13,23,22,8,22,10,25,21,24,-10,0,-30,28,12,22,22,19,10,28,28,20,11,11,11,10,8,33,33,39,0,0,0,0,0,0,0,0,0,0,0,0,0,0,0,0,0,0,0,0,0,0,0,0,0,0,0,0,-6,0,-13,0,-6,-7,-12,-12,-12,0,-6,0,0,0,0,0,0,5,0,0,0,0,0,0,-208,-107,-512,-493,-445,-471,-679,-710,-29983,-29984,-29982,-516,-29983,-29984,-29986,-29987]} 1. d4 e6 2. c4 f5 3. g3 Nf6 4. Bg2 d5 5. Nh3 Bd6 {A90: Dutch Defence: Miscellaneous and Modern Stonewall (with ...Bd6)} 6. O-O O-O 7. Nd2 (7. Bf4 Be7 8. Nd2 Nc6 9. cxd5 Nxd5 10. Nb3 Bf6 11. Bc1 a5 12. e3 b6 13. Nf4 {½-½ (30) Ragger,M (2697)-Vallejo Pons,F (2716) Baku 2016}) 7... h6 $146 {The position is equal.} (7... c6 8. Nf3 Ne4 9. Qc2 Nd7 10. Nf4 Qf6 11. Nd3 g5 12. b3 f4 13. Bb2 Qf5 14. Nfe5 Nxe5 15. dxe5 Be7 {1-0 (33) Kunte,A (2515)-Lahiri,A (2361) Canberra 2010}) 8. Nf4 Bxf4 9. gxf4 b6 10. b3 Bb7 11. Ba3 Re8 12. Rc1 a5 13. Re1 Nc6 (13... Na6 {creates tension.} 14. Ra1 Rc8 15. e3 c5 16. Bb2 Nb4) 14. e3 (14. Bb2 {looks sharper.} Qd6 15. cxd5 exd5 16. e3 Nb4 17. Ba3) 14... Ne7 (14... Nb4 $142) 15. Bxe7 Qxe7 16. c5 Ba6 17. Nf3 Nd7 18. cxb6 cxb6 19. Qd2 Rec8 20. Rxc8+ Rxc8 21. Rc1 Rxc1+ 22. Qxc1 Be2 23. Qc2 Bxf3 $1 24. Bxf3 Qd8 25. Qc6 Nf8 26. Kf1 Kf7 27. Bh5+ Ke7 28. Be2 Ng6 29. Qb7+ Kf6 30. Bb5 Nh8 31. Bd7 Nf7 32. Qc6 {[%csl Gd7][%cal Rc6e6] [#]} Qe7 33. Bc8 Nd6 34. Ba6 Qd8 35. Ke2 Ke7 36. Bd3 Qb8 37. Kd2 Qb7 38. Qc1 Qc8 39. Qa3 Qc7 40. b4 axb4 41. Qxb4 Kf6 42. Qa4 Kg6 43. Qa8 b5 44. Qa6 Kh5 45. Ke2 Qd7 46. Qa5 Nc4 47. Qa8 Kh4 48. Kf1 Qf7 49. Bxc4 $2 (49. Qc6 $11 {and White is okay.}) 49... bxc4 $11 {[%cal Bb5c4,Bc4c3,Bc3c2][%mdl 4128] Endgame KQ-KQ} ({Worse is} 49... dxc4 50. Qc6 $11) 50. Ke2 $2 {[%mdl 8192]} (50. Qa3 $17 {nothing else works.}) 50... Qh5+ $19 51. Ke1 Qg4 52. Qd8+ (52. Qb7 $142 c3 53. Qb3 Qg1+ 54. Ke2) 52... Kh3 {[#] ( -> ...c3)} 53. Qe7 c3 54. Qa3 Qg1+ 55. Ke2 c2 {[%csl Gc2][%cal Rg1d1]} 56. e4+ Kxh2 {Precision: White = 52%, Black = 86%.} 0-1

[Event "BL 2016-17"]
[Site "Berlin"]
[Date "2017.05.01"]
[Round "15"]
[White "Eichler, Christoph"]
[Black "Braun, Christian"]
[Result "1/2-1/2"]
[WhiteElo "2304"]
[BlackElo "2356"]
[Annotator "NA"]
[PlyCount "68"]
[EventDate "2017.??.??"]
[EventType "team-tourn"]
[EventCountry "GER"]
[SourceTitle "playchess.com"]
[Source "ChessBase"]
[SourceQuality "1"]
[WhiteTeam "Zugzwang München"]
[BlackTeam "Aufwärts Aachen"]
[TimeControl "40/6000+30:3000+30"]

{[%evp 8,65,22,23,20,32767,32767,32767,32767,32767,32767,32767,32767,32767,119,98,110,74,114,100,114,98,85,1,0,0,1,-36,-39,-22,-31,-12,32767,-38,32767,32767,-9,-29,32767,-24,-23,32767,32767,-39,-38,-52,-49,-41,32767,32767,-26,-34,-27,32767,32767,32767,32767,-21,32767,-25]} 1. Nf3 {[%emt 0:00:00]} Nf6 {[%emt 0:00:06]} 2. g3 {[%emt 0:00:00]} g6 {[%emt 0:00:10]} 3. Bg2 {[%emt 0:00:00]} Bg7 {[%emt 0:00:06]} 4. O-O {[%emt 0:00:00]} O-O {[%emt 0:00:06] LiveBook: 4780 Games} 5. c4 {[%emt 0:00:19]} c6 {[%emt 0:00:06]} 6. d4 {[%emt 0:00:48]} d6 {[%emt 0:00:07]} 7. Nc3 {[%emt 0:00:18]} Qa5 {[%emt 0:00:06]} 8. e4 {[%emt 0:00:43]} Be6 {[%emt 0:00:07]} 9. Qb3 $146 {[%emt 0:06:17] E62: King's Indian: Fianchetto: 6...c6 and Panno Variation (6...Nc6) without ...a6} (9. d5 Bg4 10. Bd2 Nfd7 11. Qc2 Bxf3 12. Bxf3 Qc7 13. Rac1 a5 14. a3 Na6 15. Be2 Nac5 16. Be3 Rfe8 17. Rcd1 Qb6 18. Na4 Qb3 19. Qxb3 Nxb3 20. Bg4 Ne5 21. Be2 Nd7 22. Bg4 Ne5 {½-½ (22) Vignesh,N (2399)-Azaladze,S (2499) Mumbai 2015}) 9... b5 {[%emt 0:11:44]} 10. d5 {[%emt 0:01:41]} Bd7 {[%emt 0:14:28]} (10... Bg4 $14) 11. cxb5 {[%emt 0:07:28]} cxb5 {[%emt 0:01:13] [#]} 12. e5 $1 {[%emt 0:09:56]} Ng4 {[%emt 0:03:24] [#]} 13. exd6 $1 {[%emt 0:02:57]} exd6 {[%emt 0:00:09]} 14. Ne4 {[%emt 0:06:45]} Na6 {[%emt 0:05:25]} 15. Bd2 {[%emt 0:08:43]} (15. Nxd6 $16 {With the idea h3.} Qb6 16. Bf4) 15... Qb6 {[%emt 0:03:26]} 16. h3 {[%emt 0:02:53]} Rfe8 {[%emt 0:09:52]} 17. Rae1 {[%emt 0:05:18]} (17. Nxd6 $11 Qxd6 18. hxg4) 17... Rxe4 {[%emt 0:04:25]} 18. Rxe4 {[%emt 0:08:52]} Nc5 $1 {[%emt 0:00:48]} 19. Qc2 {[%emt 0:03:39]} Nxe4 {[%emt 0:12:26]} 20. Qxe4 {[%emt 0:00:54]} Nf6 {[%emt 0:01:52]} 21. Qd4 {[%emt 0:08:20]} Rc8 {[%emt 0:02:51]} 22. Be3 {[%emt 0:02:27]} Qb7 {[%emt 0:08:03]} 23. Qxa7 {[%emt 0:01:41]} Qxa7 {[%emt 0:00:37]} ({Much worse is} 23... Qxd5 24. Nd4 Qe5 25. Qb7 $14) 24. Bxa7 {[%emt 0:01:31]} Ra8 {[%emt 0:00:07]} 25. Bd4 {[%emt 0:00:49]} Rxa2 {[%emt 0:00:59]} 26. Rd1 {[%emt 0:01:40]} Ne4 {[%emt 0:02:01]} 27. Bxg7 {[%emt 0:03:24]} Kxg7 {[%emt 0:00:57]} 28. Nd4 {[%emt 0:00:36]} Nc5 {[%emt 0:00:51]} 29. b4 {[%emt 0:01:34]} Na6 {[%emt 0:03:43]} 30. Nc6 {[%emt 0:03:39]} Rb2 {[%emt 0:03:48]} 31. Ra1 {[%emt 0:05:04]} Nxb4 {[%emt 0:01:26]} 32. Nxb4 {[%emt 0:00:18]} Rxb4 {[%emt 0:00:06]} 33. Ra6 $11 {[%emt 0:00:09]} Bf5 {[%emt 0:10:06]} 34. Rxd6 {[%emt 0:00:31]} Be4 {[%emt 0:01:00]} 1/2-1/2